01478nam a2200361 a 4500001001200000003000800012006001900020007001500039008004100054010001700095020004300112020002700155040002100182035002100203043001200224050002500236082002200261100002000283245010700303250001200410260006200422300002300484504005100507533015200558650005900710650006400769650004700833651004700880655002900927710001700956856012600973999001701099ebr10642169CaPaEBRm u cr cn|||||||||120130s2012 paua sb 001 0 eng d z 2012004087 z9780812244656 (hardcover : alk. paper) z9780812207736 (e-book) aCaPaEBRcCaPaEBR a(OCoLC)806250108 ad------14aHC59.7b.A752 2012eb04a338.9109172/42231 aAkramov, Kamil.10aForeign aid allocation, governance, and economic growthh[electronic resource] /cKamiljon T. Akramov. a1st ed. aPhiladelphia :bUniversity of Pennsylvania Press,cc2012. axv, 164 p. :bill. aIncludes bibliographical references and index. aElectronic reproduction.bPalo Alto, Calif. :cebrary,d2013.nAvailable via World Wide Web.nAccess may be limited to ebrary affiliated libraries. 0aEconomic assistancezDeveloping countriesxEvaluation. 0aEconomic developmentxSocial aspectszDeveloping countries. 0aEconomic indicatorszDeveloping countries. 0aDeveloping countriesxEconomic conditions. 7aElectronic books.2local2 aebrary, Inc.40uhttp://site.ebrary.com/lib/rucke/Doc?id=10642169zAn electronic book accessible through the World Wide Web; click to view c31927d31927